Les chansons sur l'Afrique - Statistiques

Statistiques générales
  • Ce quiz a été pris 48 fois
  • Le résultat moyen est 6 sur 20
Statistiques - réponses
Interprète Chanson % Correct
Rose Laurens A{Africa}
78%
Daniel Balavoine L'{Aziza}
73%
France Gall B{Babacar}
66%
Claude François A{Alexandrie Alexandra}
61%
Michel Sardou A{Afrique adieu}
56%
Yannick Noah S{Saga Africa}
54%
Patrick Bruel Au {café des délices}
51%
Yannick Noah Les {Lionnes}
51%
Pierre Perret L{Lily}
51%
Martin Circus Je {m'éclate au Sénégal}
44%
Michel Sardou M{Musulmane}
22%
Michel Sardou Le {temps des colonies}
10%
Henri Salvador Le {lion est mort ce soir}
7%
Enrico Macias La {France de mon enfance}
5%
François Feldman Fais {tomber la pluie}
2%
Claude Nougaro L'{amour sorcier}
2%
M M{Mama Sam}
2%
Daniel Balavoine Un enfant {assis attend la pluie}
2%
Hugues Aufray Le {Lion et la Gazelle}
0%
Philippe Lavil S{Savanna Kumba}
0%
Aucun quiz correspondant
Distribution des résultats
% des personnes avec chaque résultat
Percentile par nombre de réponses
Votre historique - résultats
Vous n’avez pas pris ce quiz